| 000 | 01093cam a22002771 4500 | ||
|---|---|---|---|
| 001 | 9454 | ||
| 003 | BD-RjUL | ||
| 005 | 20211208234800.0 | ||
| 008 | 140121r19611958enka b 100 0 eng d | ||
| 035 | _a(BD-RjUL)9499 | ||
| 040 |
_aDLC/ICU _cICU _dDLC _dBD-RjUL _beng |
||
| 041 | _aeng | ||
| 082 | 0 | 0 |
_a539.775 _bLIQ 1961 |
| 111 | 2 |
_aConference on Liquid Scintillation Counting _d(1957 : _cNorthwestern University) _929302 |
|
| 245 | 1 | 0 |
_aLiquid scintillation counting : _bproceedings of a conference held at northwestern university august 20-22, 1957 / _cEditors: Carlos G. Bell, Jr. [and] F. Newton Hayes. |
| 260 |
_aLondon; _aNew York: _bPergamon Press, _cc1958 [impression 1961] |
||
| 300 |
_axi, 292 p. _billus. _c23 cm. |
||
| 500 | _aIncludes bibliographical references. | ||
| 650 | 0 |
_aLiquid scintillator counting _xCongresses. _929288 |
|
| 650 | 0 |
_aRadioactivity _xMeasurement _xCongresses. _929289 |
|
| 700 | 1 |
_aBell, Carlos G., _eed. _929290 |
|
| 700 | 1 |
_aHayes, F. Newton _q(Francis Newton), _d1924- _eed. _929291 |
|
| 942 |
_2ddc _cBK |
||
| 999 |
_c9454 _d9454 |
||